000 00493nam a2200181Ia 4500
999 _c14388
_d14388
003 OSt
005 20201016132701.0
008 190216s9999||||xx |||||||||||||| ||und||
020 _a9780141023267
040 _coclc
082 _a523.1
_bDAV/G
100 _aDavies, Paul
_95810
245 4 _aThe Goldilocks Enigma /
_cPaul Davies
260 _bPenguin Books ,
_aLondon:
_c2006.
300 _a349p
650 _aEnglish
942 _cBK
_2ddc
_h523.1
_iDAV/G
_k523.1
_mDAV/G